000 01593cam a22003977a 4500
003 CHAP
005 20220329140504.0
008 971013m1919 us r 00110 eng d
010 _a52720
011 _a53692
035 _a57842
040 _cCHAP
082 0 4 _a338.14
_bW6
110 0 _aWorld Food Institute. Ames, Iowa
_9122721
245 1 0 _aWorld food trade and U.S. agriculture, 19 - 19
260 _aAmes, Iowa :
_bThe world,
_c19 - 1993
300 _av. :
_bgráfs.
500 _aLa biblioteca tiene: 1960-83, 1960-84, 1960-85, 1960-86, 1960-87, 1960-88, 1960-89
590 _aBATCH-UPD
_b10
_c20130110
_lUCH01
_h1149
590 _aBATCH-UPD
_b10
_c20130410
_lUCH01
_h0734
590 _aBATCH-UPD
_b10
_c20130914
_lUCH01
_h0139
590 _aBATCH-UPD
_b10
_c20130914
_lUCH01
_h1949
590 _aCONVERSION
_b10
_c20130109
_lUCH01
_h1328
650 1 4 _aAlimentos
_xMercadeo.
_94245
650 1 4 _aCereales
_xMercadeo
_xEstadísticas.
_921439
650 1 4 _aExportación e importación
_xE.U.A.
_939093
901 _aBK
942 _cLIBRO
949 _a338.14 W6
_bBC
_cC
_d33724000111845
_eC
_f1960-85
_h69202
_i57842
_si
949 _a338.14 W6
_bBC
_cC
_d33724000549812
_eC
_f1960-83
_h63463
_i57842
_si
949 _a338.14 W6
_bBC
_cC
_d33724000549820
_eC
_f1960-87
_h74710
_i57842
_si
949 _a338.14 W6
_bBC
_cC
_d33724000549838
_eC
_f1960-84
_h70504
_i57842
_si
949 _a338.14 W6
_bBC
_cC
_d33724000549952
_eC
_f1960-89
_h83989
_i57842
_si
949 _a338.14 W6
_bBC
_cC
_d33724000726873
_eC
_f1960-86
_h95483
_i57842
_kDonaciØn
_sb
949 _a338.14 W6
_bBC
_cC
_d33724000726881
_eC
_f1960-88
_h95484
_i57842
_sb
999 _c52720
_d52720